|
|
|
|
| LEADER |
00825nam a2200217 a 4500 |
| 001 |
4629375 |
| 008 |
090601s1979 ohua 000 0 eng d |
| 010 |
|
|
|a 78027382
|
| 020 |
|
|
|a 0882441833
|
| 040 |
|
|
|a DLC
|c DLC
|d DLC
|
| 082 |
0 |
0 |
|a 658.1/5
|2 19
|
| 100 |
1 |
|
|a Winger, Bernard J.
|
| 245 |
1 |
0 |
|a Cases in managerial economics /
|c Bernard J. Winger.
|
| 260 |
|
|
|a Columbus, Ohio :
|b Grid Pub.,
|c c1979.
|
| 300 |
|
|
|a 174 p. :
|b ill. ;
|c 23 cm.
|
| 490 |
1 |
|
|a Grid series in economics
|
| 541 |
1 |
|
|e 000002619
|
| 650 |
|
0 |
|a Managerial economics
|x Case studies.
|
| 852 |
4 |
|
|a Ayesha Abed Library
|j General shelf
|
| 999 |
|
|
|c 1193
|d 1193
|
| 952 |
|
|
|0 0
|1 0
|2 ddc
|4 0
|6 658_150000000000000_WIN
|7 0
|9 1079
|a BRACUL
|b BRACUL
|c GEN
|d 2009-06-24
|g 0.00
|l 2
|m 1
|o 658.15 WIN
|p 3010002619
|r 2019-04-01
|s 2019-03-21
|t 1
|w 2009-06-24
|y BK
|x No price found in the accession register.
|